Révolution Française - Statistiques

Statistiques générales
  • Ce quiz a été pris 601 fois
  • Le résultat moyen est 5 sur 16
Statistiques - réponses
Evénement Dates % Correct
Prise de la Bastille 14 juillet 1789
93%
Abolition des privilèges 4 août 1789
71%
Serment du jeu de Paume 20 juin 1789
70%
Déclaration des droits de l'Homme 26 août 1789
65%
Exécution de Louis XVI 21 janvier 1793
55%
Fuite du roi Louis XVI à Varennes 21 juin 1791
35%
Prise des Tuileries 10 août 1792
28%
Proclamation de la 1re République 22 septembre 1792
25%
Napoléon sacré Empereur 2 décembre 1804
20%
Chute de Robespierre 27 juillet 1794
19%
Coup d'Etat de Napoléon Bonaparte 9 novembre 1799
18%
Bataille de Valmy 1792
17%
Bataille de Waterloo 1815
16%
L a Grande Peur Eté 1789
8%
Chute de Napoléon 22 juin 1815
3%
Bataille d'Austerlitz 1804-1805
1%
Aucun quiz correspondant
Distribution des résultats
% des personnes avec chaque résultat
Percentile par nombre de réponses
Votre historique - résultats
Vous n’avez pas pris ce quiz